Normal view
MARC view
Entry Término temático
001 - NÚMERO DE CONTROL
- campo de control: 11409
003 - IDENTIFICADOR DEL NÚMERO DE CONTROL
- campo de control: FranzMayer
005 - FECHA Y HORA DE LA ÚLTIMA TRANSACCIÓN
- campo de control: 20190320204708.0
008 - DATOS DE LONGITUD FIJA
- campo de control de longitud fija: 190320|| aca||aabn | a|a d
040 ## - FUENTE DE LA CATALOGACIÓN
- Centro catalogador/agencia de origen: FranzMayer
- Centro/agencia transcriptor: FranzMayer
150 ## - ENCABEZAMIENTO--TÉRMINO DE MATERIA
- Término de materia o nombre geográfico como elemento de entrada: Libros antiguos
- Subdivisión de forma: Catálogos
- Subdivisión geográfica: Madrid
670 ## - FUENTE DE DATOS ENCONTRADOS
- Cita de la fuente: Work cat.: (FranzMayer): Bardón López, Luis 11407, Catálogo por orden alfabético de libros antiguos, raros o curiosos que pone en venta la librería para bibliófilos Luis Bardón López, 1960